Представление документа в формате MARC21

Поле Инд. ПП Название Значение
Тип записи a
Библиографический уровень m
001 Контрольный номер RU/IS/BASE/264549200
005 Дата корректировки 20250414144411.6
008 Кодируемые данные 19980123
040 00 e Правила каталог. Л 980123
084 a Индекс другой классификации/Индекс ББК 84(2=411.2)53-5; 84(2=411.2)53-51
090 00 a Полочн. индекс 84(2=411.2)53-5
x Авторский знак Б 701
097 00 a 230
100 1_ a Автор Блок А. А.
d Даты 1880-1921
q Полное имя Блок Александр Александрович
245 00 a Заглавие Стихотворения и поэмы
c Ответственность составитель, предисловие, примечания В. Орлова
260 00 a Место издания Москва
b Издательство Художественная литература
c Дата издания 1975
300 00 a Объем 192 с.
336 a Термин вида содержания Текст
337 a Термин типа средства непосредственный
440 00 a Серия Школьная библиотека
504 00 a Библиография Примеч.: с. 171-184
650 a Основная рубрика художественная литература
653 00 a Ключевые слова XIX век
a Ключевые слова XX век
a Ключевые слова Россия
a Ключевые слова русская литература
655 00 a Жанр/ форма (устаревшее) поэзия
a Жанр/ форма (устаревшее) поэма
a Жанр/ форма (устаревшее) стихотворение
700 10 a Автор Орлов В.
e Роль лиц составитель
787 w Контрольный номер связываемой записи RU/IS/BASE/264549199
w Контрольный номер связываемой записи RU/IS/BASE/264552461
901 t Тип документа m
952 a Тип литературы для КСУ ВШ ЛХИ